01589nam a2200289Ia 4500003000400000005001700004008004100021020002900062040001700091082002300108100002000131245006500151250001300216260002500229300002400254500005500278505020900333650002200542700002800564942000900592952013700601952013700738952013700875952013701012952013701149999001301286IIN20250324131509.0231217s9999 xx ad 001 0 eng d cRs.775.00a9789388902717 aIINbEnglish a612 bJOH1 aChatterjee, C.C a Human PhysiologycCC Chatterjee; edited by Nitin Ashok John a 13th ed bCBSaNew Delhic2021 axviii, 588 p. / V.1 aIncluding Appendices and Multiple Choice Questions aV.1: General Physiology, Blood, Nerve and Muscle, Cardiovascular System, Respiratory system, Gastro-intestinal Tract, Renal Physiology V.2: Endocrines, Reproductive System, Nervous System, Special Senses1 aPhysiologyvHuman1 aJohn, Nitin Ashok , Ed. cBOOK 00102ddc40708Purches BookaIINbIINd2023-12-17g775.00l0o612 JOHp173r2023-12-17 21:32:13tVol. 1w2023-12-17yBOOK 00102ddc40708Purches BookaIINbIINd2023-12-17g775.00l0o612 JOHp174r2023-12-17 21:32:13tVol. 1w2023-12-17yBOOK 00102ddc40708Purches BookaIINbIINd2023-12-17g775.00l0o612 JOHp175r2023-12-17 21:32:13tVol. 1w2023-12-17yBOOK 00102ddc40708Purches BookaIINbIINd2023-12-17g775.00l0o612 JOHp176r2023-12-17 21:32:13tVol. 1w2023-12-17yBOOK 00102ddc40708Purches BookaIINbIINd2023-12-17g775.00l0o612 JOHp177r2023-12-17 21:32:13tVol. 1w2023-12-17yBOOK c178d178